000 00390nam a2200157 i 4500
001 bg
100 1 _aKRUSZYŃSKI, H.
245 0 _aTeoria układów cyfrowych /
_cH. Kruszewski, A. Rydzewski, A. Śluzek.
260 _aWarszawa,
_c1987.
700 1 _aRYDZEWSKI, A.
700 1 _aŚLUZEK, A.
040 _cBPK
041 _apol
942 _cKS
008 s pl f |000 0 pol
999 _c3757
_d3757
856 _uhttp://koha.tu.koszalin.pl/cgi-bin/koha/opac-detail.pl?biblionumber=3757
_yKatalog online BPK